| 000 | 01134cam a2200385 a 4500 | ||
|---|---|---|---|
| 001 | 10510193 | ||
| 003 | OSt | ||
| 005 | 20180116183017.0 | ||
| 008 | 090205s2009 nyua b 001 0 eng | ||
| 010 | _a 2009004484 | ||
| 020 | _a978039117516 | ||
| 035 | _a(OCoLC)ocn298178381 | ||
| 035 | _a(NNC)10510193 | ||
| 040 |
_aDLC _beng _cDLC _dBTCTA _dCDX _dYDXCP _dVP@ _dYHM _dOCLCF |
||
| 050 | 0 | 0 |
_aHB144 _b.D59 2009 |
| 082 | 0 | 0 |
_a519.3 DIX 2009 _222 |
| 100 | 1 | _aDixit, Avinash K. | |
| 245 | 1 | 0 |
_aGames of strategy / _cAvinash Dixit, Susan Skeath, David Reiley. |
| 250 | _a3rd ed. | ||
| 260 |
_aNew York : _bW. W. Norton & Co., _cc2009. |
||
| 300 |
_axxii, 794 p. : _bill. ; PB _c26 cm. |
||
| 504 | _aIncludes bibliographical references and index. | ||
| 650 | 0 | _aGame theory. | |
| 650 | 0 | _aPolicy sciences. | |
| 650 | 0 | _aDecision making. | |
| 650 | 7 |
_aDecision making. _2fast |
|
| 650 | 7 |
_aGame theory. _2fast |
|
| 650 | 7 |
_aPolicy sciences. _2fast |
|
| 700 | 1 | _aSkeath, Susan. | |
| 700 | 1 | _aReiley, David. | |
| 942 |
_2ddc _cBK |
||
| 948 | 1 |
_a20131023 _bc _crad1 _dMPS |
|
| 948 | 2 |
_a20131023 _ba _crad1 _dMPS |
|
| 999 |
_c350419 _d350419 |
||